Aspectos ecológicos de Crematogaster spp. (Hymenoptera: Formicidae) depredador de Leptopharsagibbicarina (Hemiptera: Tingidae) en palma de Aceite Elaeis guineensis (Registro nro. 15845)

Detalles MARC
000 -CABECERA
Campo de control 006130000a22001570004500
090 ## - CLASIFICACIÓN LOCAL
Colección As
Consecutivo Seriadas
041 0# - IDIOMA
Código de idioma para texto/pista de sonido o título separado
100 1# - ASIENTO PRINCIPAL--NOMBRE PERSONAL
Nombre personal Salamanca, Juan Carlos
245 10 - MENCION DE TITULO
Título Aspectos ecológicos de Crematogaster spp. (Hymenoptera: Formicidae) depredador de Leptopharsagibbicarina (Hemiptera: Tingidae) en palma de Aceite Elaeis guineensis
700 1# - ASIENTO SECUNDARIO - NOMBRE PERSONAL
Nombre personal Calvache G., Hugo
700 1# - ASIENTO SECUNDARIO - NOMBRE PERSONAL
Nombre personal Aldana de la Torre, Jorge
700 1# - ASIENTO SECUNDARIO - NOMBRE PERSONAL
Nombre personal Mesa, Nora Cristina
700 1# - ASIENTO SECUNDARIO - NOMBRE PERSONAL
Nombre personal Méndez, Adalberto
773 1# - Item fuente:
Título Revista Colombiana de Entomología
Descripción física 1-2
Paginas del Articulo 61-66
Lugar, editorial y fecha de publicación 2000
Información sobre la relación 26
942 ## - ELEMENTOS ADICIONALES (KOHA)
Tipo de ítem Artículo

No hay ítems disponibles.